Statystyki dla 15 najbardziej dotkniętych krajów Covid-19 - 10 maja 2021

Kliknij tutaj aby rozwiązać quiz!

Ogólne statystyki

  • Ten quiz został rozwiązany 26 razy
  • Średni wynik to 15 z 28

Statystyki odpowiedzi

kraj% Poprawnych
Stany Zjednoczone
100%
Polska
96%
Rosja
96%
Hiszpania
88%
Niemcy
88%
Włochy
88%
Brazylia
83%
Francja
83%
Wielka Brytania
79%
Meksyk
75%
Indie
71%
Argentyna
58%
Szwecja
58%
Portugalia
54%
Iran
50%
Kolumbia
50%
Czechy
42%
Belgia
38%
Holandia
38%
Turcja
38%
Izrael
29%
Litwa
25%
Chorwacja
21%
Estonia
21%
Węgry
21%
Słowenia
13%
Bahrajn
4%
Panama
4%

Rozkład punktacji

Percentyl według liczby udzielonych odpowiedzi

Procent ludzi z każdym wynikiem

Twoja historia wyników

Nie rozwiązałeś tego quizu